[Event "Mindsports Masters IM"]
[Site "London"]
[Date "2022.09.14"]
[Round "9.1"]
[White "Johnson, Daniel"]
[Black "Large, Peter G"]
[Result "1-0"]
[WhiteElo "2211"]
[BlackElo "2298"]
[PlyCount "93"]
[EventDate "2022.09.09"]
[EventType "tourn"]
[EventRounds "9"]
[EventCountry "ENG"]
[SourceTitle "BritBase"]
[Source "John Saunders"]
[SourceDate "2022.12.07"]
[SourceVersion "1"]
[SourceVersionDate "2022.12.07"]
[SourceQuality "1"]

1. d4 e6 2. c4 b6 3. Nf3 Nf6 4. g3 Bb4+ 5. Bd2 Bxd2+ 6. Nbxd2 Bb7 7. Bg2 O-O 8.
Qc2 c5 9. dxc5 bxc5 10. O-O Qc7 11. e3 Rd8 12. Rfd1 Nc6 13. Nb1 Rab8 14. Nc3 a6
15. Rac1 h6 16. b3 Nb4 17. Qb1 d6 18. Rd2 Bc6 19. Rcd1 Qb7 20. Ne1 Bxg2 21.
Nxg2 Qe7 22. Ne4 Ne8 23. g4 Nc6 24. f4 Nb4 25. a3 Nc6 26. g5 hxg5 27. Nxg5 Nf6
28. Rd3 g6 29. Qc2 a5 30. Qf2 d5 31. cxd5 exd5 32. Qh4 Kg7 33. Qh3 c4 34. Rc3
Rxb3 35. Rxb3 cxb3 36. Nh4 Re8 37. e4 dxe4 38. Qg3 Qc5+ 39. Kh1 Rh8 40. Ne6+
fxe6 41. Qxg6+ Kf8 42. Qxf6+ Kg8 43. Qg6+ Kf8 44. Qf6+ Kg8 45. Qxe6+ Kf8 46.
Ng6+ Kg7 47. Rd7+ 1-0

[Event "Mindsports Masters IM"]
[Site "London"]
[Date "2022.09.14"]
[Round "9.2"]
[White "Dong Bao Nghia"]
[Black "Schulze, Lara"]
[Result "1-0"]
[WhiteElo "2294"]
[BlackElo "2288"]
[PlyCount "93"]
[EventDate "2022.09.09"]
[EventType "tourn"]
[EventRounds "9"]
[EventCountry "ENG"]
[SourceTitle "BritBase"]
[Source "John Saunders"]
[SourceDate "2022.12.07"]
[SourceVersion "1"]
[SourceVersionDate "2022.12.07"]
[SourceQuality "1"]

1. Nf3 d5 2. b3 Bg4 3. Bb2 e6 4. g3 Nd7 5. Bg2 Ngf6 6. O-O Bd6 7. d3 c6 8. Nbd2
e5 9. e4 O-O 10. h3 Bh5 11. Qe1 Re8 12. Nh4 Qc7 13. Kh1 a5 14. a4 Bb4 15. f3
Rad8 16. Rf2 Bc5 17. Re2 dxe4 18. Nxe4 Nxe4 19. Rxe4 f6 20. Nf5 Bg6 21. g4 Nf8
22. Qg3 Ne6 23. Rae1 Qb6 24. Qh2 Bb4 25. Rb1 Qf2 26. Rc4 Bf7 27. Rf1 Qb6 28.
Re4 Bf8 29. Bc1 Bg6 30. h4 Nd4 31. Bh3 Qc5 32. Rf2 b5 33. Be3 Bxf5 34. gxf5
bxa4 35. bxa4 Qc3 36. h5 Rb8 37. Qg2 c5 38. h6 Re7 39. f4 Nc6 40. Qg1 exf4 41.
Rxe7 Nxe7 42. Bxf4 Rb7 43. hxg7 Bxg7 44. Rg2 Nxf5 45. Bxf5 Qb4 46. Be4 Ra7 47.
Bh6 1-0

[Event "Mindsports Masters IM"]
[Site "London"]
[Date "2022.09.14"]
[Round "9.3"]
[White "Zapolskis, Antanas"]
[Black "Holland, James P"]
[Result "1/2-1/2"]
[WhiteElo "2257"]
[BlackElo "2247"]
[PlyCount "52"]
[EventDate "2022.09.09"]
[EventType "tourn"]
[EventRounds "9"]
[EventCountry "ENG"]
[SourceTitle "BritBase"]
[Source "John Saunders"]
[SourceDate "2022.12.07"]
[SourceVersion "1"]
[SourceVersionDate "2022.12.07"]
[SourceQuality "1"]

1. e4 c5 2. Nf3 d6 3. d4 cxd4 4. Nxd4 Nf6 5. Nc3 g6 6. Be3 Bg7 7. f3 Nc6 8. Qd2
O-O 9. O-O-O d5 10. Kb1 Rb8 11. Ndb5 a6 12. exd5 axb5 13. dxc6 Qxd2 14. Rxd2
bxc6 15. Bf4 Ra8 16. a3 Be6 17. Bd3 Ra6 18. Ne4 Nxe4 19. fxe4 Ra7 20. Rhd1 b4
21. axb4 Rfa8 22. c4 Bc3 23. bxc3 Ra1+ 24. Kb2 R8a2+ 25. Kb3 Ra3+ 26. Kb2 R3a2+
1/2-1/2

[Event "Mindsports Masters IM"]
[Site "London"]
[Date "2022.09.14"]
[Round "9.4"]
[White "Wadsworth, Matthew J"]
[Black "Maycock Bates, David Henry"]
[Result "1-0"]
[WhiteElo "2423"]
[BlackElo "2253"]
[PlyCount "83"]
[EventDate "2022.09.09"]
[EventType "tourn"]
[EventRounds "9"]
[EventCountry "ENG"]
[SourceTitle "BritBase"]
[Source "John Saunders"]
[SourceDate "2022.12.07"]
[SourceVersion "1"]
[SourceVersionDate "2022.12.07"]
[SourceQuality "1"]

1. Nf3 d5 2. g3 Nf6 3. Bg2 e6 4. O-O Be7 5. c4 O-O 6. b3 d4 7. e3 c5 8. exd4
cxd4 9. Bb2 Nc6 10. Re1 Ng4 11. h3 Nh6 12. Ne5 Nxe5 13. Rxe5 f6 14. Re1 e5 15.
Ba3 Nf7 16. Bxe7 Qxe7 17. f4 Be6 18. Qf3 Rae8 19. Qxb7 Qd8 20. Qxa7 exf4 21.
Na3 f3 22. Bxf3 Ne5 23. Bg2 Bxh3 24. Bxh3 Nf3+ 25. Kf2 Nxe1 26. Rxe1 Rxe1 27.
Kxe1 Qd6 28. Kf2 f5 29. Nb5 Qh6 30. Qxd4 Qxh3 31. Qh4 Qg4 32. Qxg4 fxg4+ 33.
Kg2 Re8 34. Nc3 Kf7 35. a4 h5 36. a5 g5 37. b4 h4 38. b5 Ke6 39. a6 Kd6 40. d4
Kc7 41. c5 Rd8 42. b6+ 1-0

[Event "Mindsports Masters IM"]
[Site "London"]
[Date "2022.09.14"]
[Round "9.5"]
[White "Derakhshani, Borna"]
[Black "Bezuidenhout, Roland"]
[Result "1/2-1/2"]
[WhiteElo "2367"]
[BlackElo "2269"]
[PlyCount "79"]
[EventDate "2022.09.09"]
[EventType "tourn"]
[EventRounds "9"]
[EventCountry "ENG"]
[SourceTitle "BritBase"]
[Source "John Saunders"]
[SourceDate "2022.12.07"]
[SourceVersion "1"]
[SourceVersionDate "2022.12.07"]
[SourceQuality "1"]

1. Nf3 d5 2. e3 Nf6 3. c4 Nc6 4. d4 Bg4 5. cxd5 Nxd5 6. Bb5 Nb6 7. Nc3 e6 8. h3
Bxf3 9. Qxf3 Qd7 10. O-O a6 11. Bd3 Bd6 12. b3 Bb4 13. Bb2 Ne5 14. dxe5 Bxc3
15. Bxc3 Qxd3 16. Bd4 Nd5 17. Rfd1 Qg6 18. Bc5 f5 19. exf6 Qxf6 20. Qh5+ Qf7
21. Qh4 Ne7 22. Rac1 Nc6 23. Ba3 Qf6 24. Qe4 Rd8 25. Qc2 Kf7 26. Bb2 Qg6 27.
Qc4 Qf5 28. Qh4 e5 29. Qc4+ Qe6 30. Qe4 Qg6 31. Qc4+ Qe6 32. Qh4 Qf6 33. Qg4
Qe6 34. Qh4 Qf6 35. Qg3 Rhe8 36. Qg4 Qe6 37. Qe4 Qg6 38. Qc4+ Qe6 39. Qe4 Qg6
40. Qc4+ 1/2-1/2

[Event "Mindsports Masters FIDE"]
[Site "London"]
[Date "2022.09.09"]
[Round "1.1"]
[White "Keohane, Ben"]
[Black "Pollack, Oscar"]
[Result "0-1"]
[WhiteElo "2045"]
[BlackElo "2068"]
[PlyCount "102"]
[EventDate "2022.09.09"]
[EventType "tourn"]
[EventRounds "10"]
[EventCountry "ENG"]
[SourceTitle "BritBase"]
[Source "John Saunders"]
[SourceDate "2022.12.07"]
[SourceVersion "1"]
[SourceVersionDate "2022.12.07"]
[SourceQuality "1"]

1. e4 e6 2. Nf3 d5 3. Nc3 Nf6 4. e5 Nfd7 5. d4 c5 6. Bg5 Qb6 7. dxc5 Bxc5 8.
Qd2 Bxf2+ 9. Qxf2 Qxb2 10. Kd2 Qxa1 11. Bb5 Qxh1 12. Qc5 Qxg2+ 13. Kc1 Qxg5+
14. Nxg5 Nc6 15. Bxc6 bxc6 16. Qxc6 Rb8 17. Nxe6 fxe6 18. Qxe6+ Kd8 19. Qxd5
Rf8 20. e6 Ke7 21. Ne4 Rf1+ 22. Kd2 Rbb1 23. Qd6+ Kd8 24. e7+ Ke8 25. Qc6 Bb7
26. Nd6+ Kxe7 27. Nxb7 Rf2+ 28. Kc3 Rf6 29. Qd5 Rbb6 30. Na5 h6 31. h4 Rfd6 32.
Qe4+ Re6 33. Qg2 Kf7 34. Qa8 a6 35. Qa7 Re7 36. Kd2 Rd6+ 37. Kc1 Nb6 38. Nb7
Kg6 39. Qxa6 Rf6 40. Qd3+ Kf7 41. Nc5 Re1+ 42. Kb2 Re3 43. Qd4 Re5 44. Ne4 Rfe6
45. Nc3 Rc6 46. Kb3 Rec5 47. Qf4+ Kg8 48. Ne4 Rb5+ 49. Ka3 Nc4+ 50. Ka4 Rb7 51.
Nf6+ Kh8 0-1

[Event "Mindsports Masters FIDE"]
[Site "London"]
[Date "2022.09.09"]
[Round "1.2"]
[White "Cont, Arya"]
[Black "Franco, Gaston"]
[Result "1/2-1/2"]
[WhiteElo "1954"]
[BlackElo "2027"]
[PlyCount "42"]
[EventDate "2022.09.09"]
[EventType "tourn"]
[EventRounds "10"]
[EventCountry "ENG"]
[SourceTitle "BritBase"]
[Source "John Saunders"]
[SourceDate "2022.12.07"]
[SourceVersion "1"]
[SourceVersionDate "2022.12.07"]
[SourceQuality "1"]

1. e4 c5 2. d4 cxd4 3. c3 Nf6 4. e5 Nd5 5. Nf3 Nc6 6. Bc4 Nb6 7. Bb3 d6 8. exd6
e6 9. cxd4 Bxd6 10. Nc3 O-O 11. O-O Bd7 12. Re1 Rc8 13. Bg5 Be7 14. Bxe7 Nxe7
15. Ne5 Be8 16. Qd3 Nbd5 17. Rad1 f6 18. Nc4 Qd7 19. Ba4 Qc7 20. Bxe8 Rfxe8 21.
Nxd5 Nxd5 1/2-1/2

[Event "Mindsports Masters FIDE"]
[Site "London"]
[Date "2022.09.09"]
[Round "2.1"]
[White "Pollack, Oscar"]
[Black "Cont, Arya"]
[Result "1-0"]
[WhiteElo "2068"]
[BlackElo "1954"]
[PlyCount "85"]
[EventDate "2022.09.09"]
[EventType "tourn"]
[EventRounds "10"]
[EventCountry "ENG"]
[SourceTitle "BritBase"]
[Source "John Saunders"]
[SourceDate "2022.12.07"]
[SourceVersion "1"]
[SourceVersionDate "2022.12.07"]
[SourceQuality "1"]

1. e4 e5 2. Nf3 Nf6 3. Nxe5 d6 4. Nf3 Nxe4 5. Nc3 Nxc3 6. dxc3 Be7 7. Be3 Be6
8. Nd4 Qd7 9. Nxe6 Qxe6 10. Be2 Nc6 11. O-O O-O 12. Qd2 Rfe8 13. Bf3 Bf6 14.
Rfe1 Qd7 15. h3 Re7 16. Bg4 Qe8 17. f4 Na5 18. b3 d5 19. Bc5 Rxe1+ 20. Rxe1 Qc6
21. Qe3 b6 22. Bb4 Nb7 23. Bf3 Qd7 24. Bxd5 c6 25. Bf3 h6 26. Rd1 Qc7 27. Bg4
c5 28. Rd7 Qc6 29. Qf3 Qxf3 30. Bxf3 cxb4 31. cxb4 a5 32. Bxb7 Rd8 33. Rxd8+
Bxd8 34. bxa5 bxa5 35. Kf2 Kf8 36. Ke3 Ke7 37. Kd4 Kd6 38. Kc4 g5 39. fxg5 hxg5
40. Kb5 f5 41. c4 g4 42. c5+ Kc7 43. Bd5 1-0

[Event "Mindsports Masters FIDE"]
[Site "London"]
[Date "2022.09.09"]
[Round "2.2"]
[White "Dignam, Matthew"]
[Black "Keohane, Ben"]
[Result "1-0"]
[WhiteElo "2116"]
[BlackElo "2045"]
[PlyCount "69"]
[EventDate "2022.09.09"]
[EventType "tourn"]
[EventRounds "10"]
[EventCountry "ENG"]
[SourceTitle "BritBase"]
[Source "John Saunders"]
[SourceDate "2022.12.07"]
[SourceVersion "1"]
[SourceVersionDate "2022.12.07"]
[SourceQuality "1"]

1. e4 Nf6 2. e5 Nd5 3. Nc3 Nb6 4. d4 d6 5. f4 g6 6. Bd3 Bg7 7. Nf3 Nc6 8. O-O
Bg4 9. Be3 Nb4 10. Be2 O-O 11. h3 Bf5 12. Rc1 Bh6 13. g4 Be6 14. Qe1 Bg7 15. f5
Bc4 16. Qh4 N4d5 17. fxg6 fxg6 18. Bxc4 Nxc4 19. Nxd5 Nxe3 20. Nxe3 e6 21. Qxd8
Raxd8 22. exd6 cxd6 23. c3 e5 24. dxe5 dxe5 25. Rcd1 e4 26. Ng5 Rxf1+ 27. Kxf1
Re8 28. h4 h6 29. Nh3 Rf8+ 30. Ke2 Rf7 31. Rd6 Kh7 32. Re6 Rf3 33. Nf2 Rf6 34.
Rxf6 Bxf6 35. h5 1-0

[Event "Mindsports Masters FIDE"]
[Site "London"]
[Date "2022.09.10"]
[Round "3.1"]
[White "Cont, Arya"]
[Black "Dignam, Matthew"]
[Result "1-0"]
[WhiteElo "1954"]
[BlackElo "2116"]
[PlyCount "61"]
[EventDate "2022.09.09"]
[EventType "tourn"]
[EventRounds "10"]
[EventCountry "ENG"]
[SourceTitle "BritBase"]
[Source "John Saunders"]
[SourceDate "2022.12.07"]
[SourceVersion "1"]
[SourceVersionDate "2022.12.07"]
[SourceQuality "1"]

1. e4 d6 2. d4 Nf6 3. Nc3 c6 4. f4 Qa5 5. Bd2 e5 6. Nf3 exd4 7. Nd5 Qd8 8.
Nxf6+ Qxf6 9. Bd3 Bg4 10. h3 Bxf3 11. Qxf3 Nd7 12. O-O Be7 13. Rae1 O-O 14. g4
g6 15. Re2 Nc5 16. g5 Qe6 17. f5 Qxa2 18. f6 Bd8 19. b3 Nxd3 20. Qxd3 Bb6 21.
Kh1 a5 22. Rf4 a4 23. Rh4 h5 24. Rxh5 gxh5 25. Qf3 d3 26. cxd3 axb3 27. Qxh5
Qb1+ 28. Be1 Qxd3 29. g6 Qxh3+ 30. Qxh3 fxg6 31. Qxb3+ 1-0

[Event "Mindsports Masters FIDE"]
[Site "London"]
[Date "2022.09.10"]
[Round "3.2"]
[White "Franco, Gaston"]
[Black "Pollack, Oscar"]
[Result "0-1"]
[WhiteElo "2027"]
[BlackElo "2068"]
[PlyCount "62"]
[EventDate "2022.09.09"]
[EventType "tourn"]
[EventRounds "10"]
[EventCountry "ENG"]
[SourceTitle "BritBase"]
[Source "John Saunders"]
[SourceDate "2022.12.07"]
[SourceVersion "1"]
[SourceVersionDate "2022.12.07"]
[SourceQuality "1"]

1. e4 e6 2. d4 d5 3. Nc3 Bb4 4. e5 Ne7 5. Nf3 c5 6. Bd2 Nbc6 7. a3 Bxc3 8. Bxc3
cxd4 9. Bxd4 O-O 10. h4 Nxd4 11. Qxd4 Nc6 12. Qe3 d4 13. Qe4 Qa5+ 14. c3 dxc3
15. Bd3 cxb2+ 16. Ke2 f5 17. exf6 Qf5 18. fxg7 Qxe4+ 19. Bxe4 Rxf3 20. Rad1
Rxa3 21. h5 Kxg7 22. h6+ Kg8 23. Rh5 b6 24. Rg5+ Kf8 25. f4 Ba6+ 26. Kf2 Rd8
27. Rxd8+ Nxd8 28. Bxh7 Nf7 29. Rg8+ Ke7 30. Rg7 Bd3 31. f5 b1=Q 0-1

[Event "Mindsports Masters FIDE"]
[Site "London"]
[Date "2022.09.10"]
[Round "4.1"]
[White "Dignam, Matthew"]
[Black "Franco, Gaston"]
[Result "0-1"]
[WhiteElo "2116"]
[BlackElo "2027"]
[PlyCount "124"]
[EventDate "2022.09.09"]
[EventType "tourn"]
[EventRounds "10"]
[EventCountry "ENG"]
[SourceTitle "BritBase"]
[Source "John Saunders"]
[SourceDate "2022.12.07"]
[SourceVersion "1"]
[SourceVersionDate "2022.12.07"]
[SourceQuality "1"]

1. e4 c5 2. c3 d5 3. exd5 Qxd5 4. d4 Nc6 5. Nf3 Bf5 6. Be2 cxd4 7. cxd4 Bxb1 8.
Rxb1 e6 9. O-O Nf6 10. b3 Rd8 11. Re1 Bb4 12. Bd2 O-O 13. Bxb4 Nxb4 14. Bc4 Qd6
15. Qd2 Nbd5 16. Rbd1 Rc8 17. Ne5 Rfd8 18. Qg5 Qb4 19. Qd2 Rd6 20. g3 Rcd8 21.
Nf3 Qxd2 22. Rxd2 Kf8 23. Bf1 Nb4 24. Bg2 Nfd5 25. Ne5 b5 26. Rc1 f6 27. Nf3
Ne7 28. Re2 Kf7 29. Bh3 Nbd5 30. Rce1 Nc7 31. Rc1 R8d7 32. Rc5 b4 33. Ra5 Nc6
34. Rh5 h6 35. Rc5 Nxd4 36. Nxd4 Rxd4 37. Ra5 a6 38. Rc5 f5 39. Rc6 Rd1+ 40.
Kg2 R1d6 41. Rec2 Rxc6 42. Rxc6 Ke7 43. Kf3 Kd8 44. Bf1 a5 45. Bc4 Rd2 46. Rb6
Kd7 47. Ke3 Rxa2 48. h4 Rc2 49. Kd4 Rxf2 50. Ke5 Rf3 51. Rd6+ Kc8 52. Rc6 Kb7
53. Kd6 Nd5 54. Kxe6 Nb6 55. Kd6 Nxc4+ 56. bxc4 Rxg3 57. Rc7+ Kb8 58. c5 b3 59.
Kc6 Rg6+ 60. Kd7 b2 61. Rc8+ Ka7 62. Rc7+ Ka6 0-1

[Event "Mindsports Masters FIDE"]
[Site "London"]
[Date "2022.09.10"]
[Round "4.2"]
[White "Keohane, Ben"]
[Black "Cont, Arya"]
[Result "1/2-1/2"]
[WhiteElo "2045"]
[BlackElo "1954"]
[PlyCount "140"]
[EventDate "2022.09.09"]
[EventType "tourn"]
[EventRounds "10"]
[EventCountry "ENG"]
[SourceTitle "BritBase"]
[Source "John Saunders"]
[SourceDate "2022.12.07"]
[SourceVersion "1"]
[SourceVersionDate "2022.12.07"]
[SourceQuality "1"]

1. Nf3 Nf6 2. b3 g6 3. Bb2 Bg7 4. e3 O-O 5. h3 d5 6. d3 c5 7. Nbd2 Nc6 8. g3
Qc7 9. Bg2 e5 10. O-O Rd8 11. Qe2 a6 12. Rfd1 Nd7 13. Nh4 d4 14. Ne4 f5 15. Nd2
Nf8 16. e4 fxe4 17. Nxe4 Ne7 18. Bc1 Ne6 19. a4 Nc6 20. Nf3 Rb8 21. Nfg5 b6 22.
Nxe6 Bxe6 23. Ng5 Bd5 24. Qg4 Qc8 25. Qh4 h6 26. Ne4 g5 27. Qh5 Ne7 28. Re1 Bf7
29. Qf3 Nd5 30. Kh2 Bg6 31. Bd2 Rf8 32. Qe2 Qc6 33. Rg1 a5 34. Raf1 Kh8 35. Qg4
Bf5 36. Qh5 Bg6 37. Qe2 Qe6 38. Qg4 Bf5 39. Qh5 Kg8 40. f4 exf4 41. gxf4 Bg6
42. Qg4 Qxg4 43. hxg4 gxf4 44. Nxc5 f3 45. Rxf3 Nf6 46. Ne6 Nxg4+ 47. Kh3 Rxf3+
48. Bxf3 Ne5 49. Bd5 Bf5+ 50. Kh4 Bxe6 51. Bxe6+ Kf8 52. Kh5 Nf3 53. Rf1 Ke7
54. Rxf3 Kxe6 55. Rg3 Bf6 56. Bf4 Rc8 57. Rg2 Bg5 58. Bxg5 hxg5 59. Re2+ Kd5
60. Kxg5 Kc5 61. Re4 Rf8 62. Re2 Kb4 63. Re6 Kc3 64. Rc6+ Kb2 65. Rc4 Rf2 66.
Rxd4 Kxc2 67. Rd6 Kxb3 68. Rxb6+ Kxa4 69. d4 Rd2 70. Rd6 Kb4 1/2-1/2

[Event "Mindsports Masters FIDE"]
[Site "London"]
[Date "2022.09.12"]
[Round "5.1"]
[White "Franco, Gaston"]
[Black "Keohane, Ben"]
[Result "1-0"]
[WhiteElo "2027"]
[BlackElo "2045"]
[PlyCount "81"]
[EventDate "2022.09.09"]
[EventType "tourn"]
[EventRounds "10"]
[EventCountry "ENG"]
[SourceTitle "BritBase"]
[Source "John Saunders"]
[SourceDate "2022.12.07"]
[SourceVersion "1"]
[SourceVersionDate "2022.12.07"]
[SourceQuality "1"]

1. e4 b6 2. d4 Bb7 3. Bd3 e6 4. Nf3 Nf6 5. Nbd2 c5 6. c3 Nc6 7. a3 Qc7 8. Qe2
Be7 9. O-O d6 10. b4 Rd8 11. bxc5 dxc5 12. e5 Nd5 13. Ne4 cxd4 14. cxd4 h6 15.
Bd2 g5 16. h3 Rg8 17. Rfc1 Qb8 18. a4 Qa8 19. a5 Nxa5 20. Ba6 Nf4 21. Qb5+ Kf8
22. Bxb7 Qxb7 23. Nf6 a6 24. Qb1 Bxf6 25. exf6 Ne2+ 26. Kh1 Rg6 27. Bxa5 Nxc1
28. Bxb6 Nd3 29. Bxd8 Nxf2+ 30. Kh2 Qxb1 31. Rxb1 g4 32. Ne5 g3+ 33. Kg1 Rg5
34. Be7+ Kg8 35. Rb8+ Kh7 36. Rf8 Ne4 37. h4 Rg8 38. Rxf7+ Kh8 39. h5 Ng5 40.
Ng6+ Rxg6 41. hxg6 1-0

[Event "Mindsports Masters FIDE"]
[Site "London"]
[Date "2022.09.12"]
[Round "5.2"]
[White "Pollack, Oscar"]
[Black "Dignam, Matthew"]
[Result "1-0"]
[WhiteElo "2068"]
[BlackElo "2116"]
[PlyCount "33"]
[EventDate "2022.09.09"]
[EventType "tourn"]
[EventRounds "10"]
[EventCountry "ENG"]
[SourceTitle "BritBase"]
[Source "John Saunders"]
[SourceDate "2022.12.07"]
[SourceVersion "1"]
[SourceVersionDate "2022.12.07"]
[SourceQuality "1"]

1. e4 c5 2. Nf3 d6 3. d4 cxd4 4. Nxd4 Nf6 5. Nc3 a6 6. Bg5 e6 7. f4 Qc7 8. Qf3
b5 9. O-O-O Bb7 10. Bxf6 gxf6 11. Qh5 Qc5 12. e5 b4 13. Nxe6 Qe3+ 14. Kb1 bxc3
15. Nc7+ Kd7 16. Qxf7+ Kc6 17. Nd5 1-0

[Event "Mindsports Masters FIDE"]
[Site "London"]
[Date "2022.09.12"]
[Round "6.1"]
[White "Pollack, Oscar"]
[Black "Keohane, Ben"]
[Result "1-0"]
[WhiteElo "2068"]
[BlackElo "2045"]
[PlyCount "73"]
[EventDate "2022.09.09"]
[EventType "tourn"]
[EventRounds "10"]
[EventCountry "ENG"]
[SourceTitle "BritBase"]
[Source "John Saunders"]
[SourceDate "2022.12.07"]
[SourceVersion "1"]
[SourceVersionDate "2022.12.07"]
[SourceQuality "1"]

1. e4 Nf6 2. e5 Nd5 3. Nc3 Nb6 4. f4 d6 5. Nf3 g6 6. d4 Bg7 7. a4 a5 8. Be2 Nc6
9. O-O O-O 10. Be3 Nb4 11. Qd2 Bf5 12. Rac1 Bd7 13. b3 f6 14. Kh1 Kh8 15. d5
dxe5 16. fxe5 Rc8 17. Rcd1 Bf5 18. Nd4 fxe5 19. Rxf5 exd4 20. Rxf8+ Qxf8 21.
Bxd4 Bxd4 22. Qxd4+ Qf6 23. Qd2 Qe5 24. Bf3 Rd8 25. Re1 Qg7 26. Nb5 c6 27. Nc7
Qf6 28. c4 cxd5 29. cxd5 N6xd5 30. Nxd5 Nxd5 31. Qxa5 b6 32. Qb5 Nc3 33. Qc4
Rd2 34. h3 Rf2 35. Re6 Qg7 36. Qc8+ Qg8 37. Qxc3+ 1-0

[Event "Mindsports Masters FIDE"]
[Site "London"]
[Date "2022.09.12"]
[Round "6.2"]
[White "Franco, Gaston"]
[Black "Cont, Arya"]
[Result "1/2-1/2"]
[WhiteElo "2027"]
[BlackElo "1954"]
[PlyCount "38"]
[EventDate "2022.09.09"]
[EventType "tourn"]
[EventRounds "10"]
[EventCountry "ENG"]
[SourceTitle "BritBase"]
[Source "John Saunders"]
[SourceDate "2022.12.07"]
[SourceVersion "1"]
[SourceVersionDate "2022.12.07"]
[SourceQuality "1"]

1. e4 e5 2. Nf3 Nc6 3. Bb5 a6 4. Ba4 Nf6 5. O-O Nxe4 6. d4 exd4 7. Re1 d5 8.
Ng5 Be7 9. Bxc6+ bxc6 10. Qh5 g6 11. Qh6 Bf8 12. Qh4 Be6 13. f3 Nxg5 14. Bxg5
Be7 15. Qxd4 O-O 16. Bxe7 Qxe7 17. Nc3 Rfb8 18. a3 Qd6 19. Na4 Bf5 1/2-1/2

[Event "Mindsports Masters FIDE"]
[Site "London"]
[Date "2022.09.13"]
[Round "7.1"]
[White "Cont, Arya"]
[Black "Pollack, Oscar"]
[Result "1/2-1/2"]
[WhiteElo "1954"]
[BlackElo "2068"]
[PlyCount "92"]
[EventDate "2022.09.09"]
[EventType "tourn"]
[EventRounds "10"]
[EventCountry "ENG"]
[SourceTitle "BritBase"]
[Source "John Saunders"]
[SourceDate "2022.12.07"]
[SourceVersion "1"]
[SourceVersionDate "2022.12.07"]
[SourceQuality "1"]

1. e4 e6 2. b3 d5 3. Bb2 dxe4 4. Nc3 Nf6 5. Qe2 Bd7 6. Nxe4 Nxe4 7. Qxe4 Bc6 8.
Qe3 Nd7 9. O-O-O Bc5 10. d4 Be7 11. Nf3 Bxf3 12. Qxf3 c6 13. d5 cxd5 14. Bxg7
Rg8 15. Bb2 Bf6 16. Bb5 Bxb2+ 17. Kxb2 a6 18. Bxd7+ Qxd7 19. c4 d4 20. Qf6 Rd8
21. g3 Qe7 22. Qxe7+ Kxe7 23. Rhe1 Rd7 24. Re4 Rgd8 25. Rh4 Kf6 26. Rxh7 Kg6
27. Rh4 e5 28. Re4 Kf5 29. Rde1 f6 30. f4 Rh7 31. fxe5 Rxh2+ 32. Kb1 fxe5 33.
Rxe5+ Kg4 34. Rd5 Rxd5 35. cxd5 Kf3 36. d6 Rh6 37. d7 Rd6 38. Re7 d3 39. Kc1
d2+ 40. Kd1 Kxg3 41. d8=Q Rxd8 42. Rxb7 Kf4 43. Re7 a5 44. Re2 Rd3 45. Rxd2 Ke3
46. Rxd3+ Kxd3 1/2-1/2

[Event "Mindsports Masters FIDE"]
[Site "London"]
[Date "2022.09.13"]
[Round "7.2"]
[White "Keohane, Ben"]
[Black "Dignam, Matthew"]
[Result "0-1"]
[WhiteElo "2045"]
[BlackElo "2116"]
[PlyCount "94"]
[EventDate "2022.09.09"]
[EventType "tourn"]
[EventRounds "10"]
[EventCountry "ENG"]
[SourceTitle "BritBase"]
[Source "John Saunders"]
[SourceDate "2022.12.07"]
[SourceVersion "1"]
[SourceVersionDate "2022.12.07"]
[SourceQuality "1"]

1. e4 e6 2. d4 d5 3. Be3 dxe4 4. Nd2 f5 5. f3 Nf6 6. Bc4 Nd5 7. Bxd5 exd5 8.
fxe4 dxe4 9. Nh3 g6 10. c3 Qh4+ 11. Bf2 Qe7 12. Be3 Bg7 13. Nf4 O-O 14. Qb3+
Qf7 15. d5 Re8 16. h4 c6 17. Nc4 Rd8 18. O-O-O cxd5 19. Nxd5 Be6 20. Ndb6 Nc6
21. Nxa8 Rxa8 22. Rd6 Bxc4 23. Qd1 Bd3 24. Qb3 Qxb3 25. axb3 Rd8 26. Rxd8+ Nxd8
27. Bxa7 Bh6+ 28. Kd1 Nc6 29. Bb6 Ne5 30. Rh3 Ng4 31. h5 e3 32. Ke1 Kf7 33.
hxg6+ hxg6 34. b4 Ke6 35. b3 Kd5 36. c4+ Ke4 37. b5 e2 38. Ba5 Be3 39. Rf3 f4
40. Bd2 Bxd2+ 41. Kxd2 Ne3 42. Rf2 Nc2 43. Rxe2+ Bxe2 44. Kxe2 Nd4+ 45. Kd2
Nxb3+ 46. Kc3 Nc5 47. Kb4 b6 0-1

[Event "Mindsports Masters FIDE"]
[Site "London"]
[Date "2022.09.13"]
[Round "8.1"]
[White "Dignam, Matthew"]
[Black "Cont, Arya"]
[Result "1/2-1/2"]
[WhiteElo "2116"]
[BlackElo "1954"]
[PlyCount "54"]
[EventDate "2022.09.09"]
[EventType "tourn"]
[EventRounds "10"]
[EventCountry "ENG"]
[SourceTitle "BritBase"]
[Source "John Saunders"]
[SourceDate "2022.12.07"]
[SourceVersion "1"]
[SourceVersionDate "2022.12.07"]
[SourceQuality "1"]

1. Nf3 d5 2. g3 Nf6 3. Bg2 g6 4. O-O Bg7 5. d3 O-O 6. Nbd2 c5 7. e4 Nc6 8. Re1
dxe4 9. dxe4 e5 10. c3 Qc7 11. Qc2 h6 12. b4 Be6 13. bxc5 Nd7 14. Nb3 Na5 15.
Nfd2 Rfc8 16. Ba3 Bf8 17. Bb4 Nxb3 18. Nxb3 Bc4 19. c6 Qxc6 20. Bxf8 Nxf8 21.
Na5 Qc7 22. Nxc4 Qxc4 23. Re3 Ne6 24. Bf1 Qc6 25. Rd1 Rd8 26. Red3 Kg7 27. Rd5
Qc7 1/2-1/2

[Event "Mindsports Masters FIDE"]
[Site "London"]
[Date "2022.09.13"]
[Round "8.2"]
[White "Pollack, Oscar"]
[Black "Franco, Gaston"]
[Result "1-0"]
[WhiteElo "2068"]
[BlackElo "2027"]
[PlyCount "69"]
[EventDate "2022.09.09"]
[EventType "tourn"]
[EventRounds "10"]
[EventCountry "ENG"]
[SourceTitle "BritBase"]
[Source "John Saunders"]
[SourceDate "2022.12.07"]
[SourceVersion "1"]
[SourceVersionDate "2022.12.07"]
[SourceQuality "1"]

1. e4 c5 2. Nf3 Nc6 3. Bb5 g6 4. Bxc6 dxc6 5. O-O Bg7 6. d3 Nh6 7. a4 a5 8. h3
b6 9. Nc3 e5 10. Nxe5 Bxe5 11. Bxh6 Qh4 12. Be3 g5 13. d4 Bc7 14. e5 g4 15. g3
Qxh3 16. Ne4 Bf5 17. Nf6+ Kf8 18. Qd2 h6 19. Bf4 Rd8 20. c3 Be6 21. f3 Bc4 22.
Rf2 gxf3 23. Rh2 Qf5 24. Rh5 Qd3 25. Bxh6+ Ke7 26. Qxd3 Bxd3 27. Bg5 Ke6 28.
Rxh8 Rxh8 29. Kf2 Rh2+ 30. Kxf3 Rxb2 31. Rh1 Bd8 32. Rh6 Bg6 33. Rh8 Bxf6 34.
Bxf6 Rb3 35. Rd8 1-0